| 000 | 00887ngm a22003490a 4500 | ||
|---|---|---|---|
| 001 | PT35334 | ||
| 003 | AR-LpoUNG | ||
| 005 | 20210202000443.0 | ||
| 007 | vd cvaizq | ||
| 008 | 191001s2003||||ag |||||||||||||||||spa d | ||
| 040 |
_aAR-LpoUNG _bspa _cAR-LpoUNG _eaacr |
||
| 041 | _aspa | ||
| 044 | _aag | ||
| 082 | 0 | _a972.910 64 542v2 | |
| 100 | 1 |
_aDíaz Torres, Daniel _edir. |
|
| 245 | 1 | 4 | _aLos cuatro años que estremecieron al mundo |
| 260 |
_aBuenos Aires : _bPágina 12, _c2003. |
||
| 300 | _aDVD (191 min.) : son., byn | ||
| 650 | 4 | _aBIOGRAFIAS | |
| 650 | 4 | _aCUBA | |
| 650 | 4 | _aHISTORIA | |
| 650 | 4 | _aHISTORIA POLITICA | |
| 650 | 4 | _aMOVIMIENTOS SOCIALES | |
| 650 | 4 | _aREVOLUCION | |
| 651 | 4 | _aCuba | |
| 653 | _aDOCUMENTALES | ||
| 653 | _aDVD | ||
| 653 | _aVIDEOS | ||
| 710 | 2 | _aPágina 12 (firma comercial : Buenos Aires) | |
| 905 | _a35334 | ||
| 942 | _cDVD | ||
| 999 |
_c54872 _d54872 |
||